His days with Bapu: (Record no. 163173)

MARC details
000 -LEADER
fixed length control field 00586nam a22001817a 4500
005 - DATE AND TIME OF LATEST TRANSACTION
control field 20190403114038.0
010 ## - LCCN (DPL NO)
LC control number ENG-124963
020 ## - INTERNATIONAL STANDARD BOOK NUMBER
International Standard Book Number 9789382711872
Terms of availability 250.00
035 ## - SYSTEM CONTROL NUMBER
System control number EN-108495
037 ## - SOURCE OF ACQUISITION
Source of stock number/acquisition DBAD/PUB
082 ## - DEWEY DECIMAL CLASSIFICATION NUMBER
Classification number 954.035092
100 ## - MAIN ENTRY--PERSONAL NAME
Personal name Warrier,Sobha
245 ## - TITLE STATEMENT
Title His days with Bapu:
Statement of responsibility, etc by Shobha Warrier.
Remainder of title Gandhiji's Personal Secretary/
260 ## - PUBLICATION, DISTRIBUTION, ETC. (IMPRINT)
Place of publication, distribution, etc New Delhi
Name of publisher, distributor, etc Vitasta Publishing Pvt.Ltd.
Date of publication, distribution, etc 2015
270 ## - ADDRESS
Address 2/15,Ansari Road,Daryaganj
City New Delhi
Postal code 110002
Telephone number 0452-4208765
Electronic mail address info@vitastapublishing.com
300 ## - PHYSICAL DESCRIPTION
Extent 136p.
Dimensions 20cm(pbk)
Other physical details ill.
942 ## - ADDED ENTRY ELEMENTS (KOHA)
Source of classification or shelving scheme Dewey Decimal Classification
Item type English Books
Classification part N
Call number suffix WAR
Holdings
Withdrawn status Lost status Not for loan Collection code Home library Current library Date acquired Source of acquisition Cost, normal purchase price Full call number Barcode Copy number Cost, replacement price Koha item type
    Not For Loan Non-fiction D.B.Act.Division Patel Nagar 30/03/2019 DBAD/PUB 250.00 N WAR EN-108495 1 250.00 English Books

© Delhi Public Library
Hit Counter
free hit counter